|
|
|
|
| LEADER |
00000nam#a22000001a#4500 |
| 001 |
00002493 |
| 003 |
AR-BaUAD |
| 005 |
20230908141329.0 |
| 008 |
940224s1946####ag#a|||##||||||||#||spa|d |
| 040 |
|
|
|a AR-BaUAD
|b spa
|c AR-BaUAD
|
| 041 |
|
|
|a spa
|
| 044 |
|
|
|c ar
|2 ISO3166-1
|
| 100 |
1 |
|
|a Ajuria, Julián
|
| 245 |
1 |
3 |
|a El cinematógrafo como espejo del mundo :
|b arte, ciencias, teatro, cultura, lujo y belleza a través del lente mágico
|
| 260 |
|
|
|a Buenos Aires :
|b G. Kraft,
|c 1946
|
| 300 |
|
|
|a 690 p. :
|b il., láms.
|
| 500 |
|
|
|a Apéndice: p. 669-90 y 34 láms.
|
| 504 |
|
|
|a Contiene bibliografía.
|
| 653 |
|
|
|a HISTORIA
|
| 653 |
|
|
|a CINE
|
| 653 |
|
|
|a OPTICA
|
| 653 |
|
|
|a ESCULTURA
|
| 653 |
|
|
|a PINTURA
|
| 653 |
|
|
|a MUSICA
|
| 653 |
|
|
|a COLOR
|
| 653 |
|
|
|a ILUMINACION
|
| 653 |
|
|
|a SONIDO
|
| 653 |
|
|
|a TELEVISION
|
| 653 |
|
|
|a ACTORES
|
| 653 |
|
|
|a TEATRO
|
| 653 |
|
|
|a DRAMATURGOS
|
| 653 |
|
|
|a LUMIERE, LOUIS
|
| 653 |
|
|
|a LUMIERE, AUGUSTE
|
| 653 |
|
|
|a FRANCIA
|
| 653 |
|
|
|a ITALIA
|
| 653 |
|
|
|a REINO UNIDO
|
| 653 |
|
|
|a ARGENTINA
|
| 655 |
|
|
|a TEXTO
|
| 852 |
|
|
|c 133-1
|
| 952 |
|
|
|0 0
|1 0
|4 0
|6 1331
|7 0
|9 25028
|a AR-BaUAD
|b AR-BaUAD
|d 0000-00-00
|e Compra Ateneo
|i 2493
|l 0
|o 133-1
|p lmgyp2493
|r 2023-09-08 14:13:29
|w 2023-09-08
|y BK
|
| 990 |
|
|
|a Ej. No1 : 2493 . 18/9/1948 -- Compra Ateneo -- (15,80 pesos).
|b ADM
|
| 990 |
|
|
|a C194
|b TD
|
| 990 |
|
|
|a AAQ00002493
|b CC
|
| 998 |
|
|
|a AAQ
|b Bibun 76
|
| 942 |
|
|
|c BK
|
| 999 |
|
|
|c 10845
|d 10845
|